000 01127nas a2200361 4500
001 BR2014000656
003 BR-BrBNA
005 20231205123656.0
007 ta
008 230509b bl.|||p| |||| 00| 00por d
040 _aBR-BrBNA
_bpor
_cBiblioteca Nacional de Agricultura
041 _a(En)
072 _aM12
100 1 _aTeixeira, E.A.
100 1 _aEuler, A.C.C.
100 1 _aFaria, P.M.C.
100 1 _aTurra, E.M.
100 1 _aLuz, R.K.
100 1 _aPrado, S.A.
100 1 _aTakata, R.
100 1 _aRibeiro, P.A.P.
100 1 _aFontes, D.O.
100 1 _aRibeiro, L.P.
100 1 _aSaliba, E.O.S.
245 1 _aPerformance and nutrient utilization in South American juvenile catfish Pseudoplatystoma spp. Weighting 89 - 170 gramas, fed at different energy and protein levels
650 _aSURUBIM
650 _aNUTRIÇÃO
650 _aPROTEÍNA
650 _aDIETA
773 0 _tArquivo Brasileiro de Medicina Veterinária e Zootecnia (Brazil)
_xISSN 0102-0935
_g(Oct 2013), v. 65(5) p. 1500-1508
_wBR2014000656
909 _a202311
_bLúcia
_c55
_dLúcia Elande
942 _2AGRIS
_n0
_cANA
999 _c235117
_d235117